Bericht über den Stand der evangelischen kirchengemeinde A.C. Leutshau vom Jahre 1882

Podrobná bibliografia
Médium: Seriál
Jazyk:nemčina
Fyzický popis:zv. 25 cm
Vydavateľské údaje: Leutschau Buchdruckerei des Jos. Th. Reiss

MARC

LEADER 00000nas a2200000 a 4500
001 vtls010264258
003 SK-MaSNL
005 20260221120133.0
008 110316duuuuuuuuxo hr1 0 b0ger c
040 |a SNK  |b slo  |c SNK  |e AACR2 
245 0 0 |a Bericht über den Stand der evangelischen kirchengemeinde A.C. Leutshau vom Jahre 1882 
260 |a Leutschau  |b Buchdruckerei des Jos. Th. Reiss 
300 |a zv.  |b 25 cm 
500 |a Popis podľa r. 1882 
999 |c 5622  |d 7552 
952 |0 0  |1 0  |4 0  |7 1  |8 3  |a SNK  |b SNK  |d 2011-03-22  |i snk2011/6542  |l 0  |o snkČSC 3476/1882  |p 17A0672400  |r 2026-02-21 20:05:45  |w 2026-02-21  |y NEVYP